| 000 | 00496nam a22001817a 4500 | ||
|---|---|---|---|
| 003 | SISC | ||
| 005 | 20181009093150.0 | ||
| 008 | 130718t xxu||||| |||| 00| 0 eng d | ||
| 020 | _a9780521628426 | ||
| 050 | _aPE 1128 .R4593 1997 | ||
| 100 |
_aRichards, Jack C. _91426 |
||
| 245 |
_aNew interchange work book 3b./ _cJack C. Richards. |
||
| 260 |
_aUK ; _bCambridge University Press, _cc1997. |
||
| 300 |
_avii, 74 p. : _bill. col. ; _c27 cm. |
||
| 562 | _e1 | ||
| 942 |
_2lcc _cBK |
||
| 999 |
_c6902 _d6902 |
||